000 00284nmm a2200097Ia 4500
008 220120s9999||||xx |||||||||||||||||und||
020 _a0-07-052929
100 _aDigit
245 0 _aDigit-Dec : Adobe master collection C55.5, 800mb of short fi
260 _aNine dot nine interactive ltd.
999 _c139710
_d139710